Byť predmetom bibliografie

Bibliographic Details
Main Author: Viskupová, Etela (Author)
Format: Article
Language:Slovak
Subjects:

MARC

LEADER 00000nab a2200000 a 4500
001 vtls000457745
003 SK-MaSNL
005 20260304081140.0
008 250424c1992 xo 0 slo
015 |a SNBRB19rr/mm-uuuuu 
035 |a CL0457876 
035 |a urn:nbn:sk:snk-ab9cok 
035 |a (urnnbn)urn:nbn:sk:snk:ar-a0896g 
035 |a (uuid)d918aced-3890-43fd-9dac-56ac2033d240 
040 |a SNKBUCL  |b slo  |c SNKBUCL  |e AACR2 
041 0 |a slo 
044 |a xo  |c SK 
080 |a 101.9  |2 1981 
080 |a 016  |2 1981 
080 |a 929 Šimečka, Milan  |2 1981 
080 |a 82  |2 1981 
080 |a 016(048)  |2 1981 
100 1 |a Viskupová, Etela  |4 aut  |9 268410 
245 1 0 |a Byť predmetom bibliografie  |c Etela Viskupová 
600 1 7 |a Šimečka, Milan,  |d 1930-1990  |2 snkbucl  |9 87160 
650 0 7 |a personálne bibliografie  |2 snkbucl  |9 465753 
655 7 |a články z novín a časopisov  |2 snkbucl  |9 267496 
773 0 |t Fragment  |g Roč. 6, č. 5 (1992), s. 95-96 
787 0 8 |i Rec.:  |t Milan Šimečka: Předběžná bibliografie díla za léta 1975-1990  |d Praha : Ústav pro soudobé dějiny - Dokumentační středisko 
850 |a Slovenská národná knižnica 
852 |a Slovenská národná knižnica 
958 |a article13 
958 |a OND 
958 |a RK 
958 |a CZ 
992 |a RBX 
999 |c 2789721  |d 2791651